Mastering Management. 16

Schopnosti potrebné na efektívne riadenie ľudských zdrojov. Riadenie zmien v podnikaní. Rozdiel medzi strategickými a prevádzkovými rozhovormi. Výhody malých firiem oproti korporáciám.

Na minha lista:
Detalhes bibliográficos
Formato: Livro
Idioma:eslovaco
Assuntos:
Tags: Adicionar Tag
Sem tags, seja o primeiro a adicionar uma tag!

MARC

LEADER 00000nam a2200000 4500
001 r031894
005 20251104124734.8
041 0 |a slo 
044 |a SK 
245 1 0 |a Mastering Management. 16 
520 |a Schopnosti potrebné na efektívne riadenie ľudských zdrojov. Riadenie zmien v podnikaní. Rozdiel medzi strategickými a prevádzkovými rozhovormi. Výhody malých firiem oproti korporáciám. 
610 2 0 |a manažment 
610 2 0 |a manažment personálny 
610 2 0 |a zdroje ľudské 
610 2 0 |a riadenie zmien 
610 2 0 |a podnik malý 
610 2 0 |a korporácie 
610 2 0 |a manažment strategický 
610 2 0 |a komunikácia manažérska